000 01296nam a2200241Ia 4500
003 Ost
005 20260507075339.0
008 260507s9999||||xx |||||||||||||| ||und||
020 _a56553299579
040 _cfsecg
041 _aara
082 _a330
100 _aالقهيوي، ليث عبد الله
_eمؤلف
245 0 _aالتحول من القطاع العام الى القطاع الخاص /
_c ليث عبد الله القهيوي
260 _aعمان:
_bدار الحامد,
_c2012
300 _a203 صفحة؛
_c24 سم
520 _aتطورات دور الدولة في ظل التحولات الاقتصادية و التحول من القطاع العام الى القطاع الخاص ( عملية الخصخصة )و الترتيبات المؤسسية للخصخصة و أساليبها ، المراحل و الاجراءات المصاحبة لعملية التحول و المشاكل التي تعترض عملية التحول مع التطرق الى واقع التجربية الاردنية في خصخصة قطاع الاتصالات
653 _aالتغير الإجتماعي
653 _aالقطاع الخاص
653 _aالقطاع العام
700 _aالوادي، بلال محمود
_eمؤلف ثانوي
942 _cكتاب
999 _c44073
_d44073